000 01159cab a2200217 4500
001 ABS67453
008 040126n2004 000 0 eng u
035 _a(Sirsi) u124915
100 _aWilliamson, H.
245 2 _aA meaningful glance at fixtures and fittings
260 _c2004
490 _aEstates Gazette
_v(0402) 10 January 2004, 87(1)
520 _aExplains the difference between fixture and fixed chattel (fitting). In simple terms, a fixture is fixed to a property whereas a fixed chattel is annexed. Attempts to distinguish between landlords'fixtures and tenants' fixtures explaining how tenants are entitled to detach and take away fittings which they have installed at the end of the lease provides if they fall within the categories of trade, ornamental and domestic, and agricultural. Distinguishes between what is a fixture and fitting in the domestic context with reference to "TSB Bank plc v Botham and others" (WB3231-87 [1996] EGCS 149).
590 _aABS
650 _aCHATTELS
650 _aFIXTURES
650 _aFITTINGS
650 _aTSB BANK PLC V BOTHAM AND OTHERS
690 _aPROPERTY LAW AND PRACTICE
942 _n0
999 _c74081
_d74081